| 000 | 00812cab a2200253 4500 | ||
|---|---|---|---|
| 001 | WB3413-49 | ||
| 008 | 090401t1998 xxu||||| |||| 00| 0 eng d | ||
| 035 | _a(Sirsi) u85395 | ||
| 041 | _aeng | ||
| 245 | _aEnvironmentally friendly costs | ||
| 260 | _c1998 | ||
| 350 | _a0 | ||
| 490 |
_aBirmingham Post _v2 April 1998, 36(1) |
||
| 520 | _aA Harper Adams College survey of 43 farms in Shropshire reveals the costs to farmers operating under the extensification premium scheme concluding that farming non-intensively is not worth it. | ||
| 650 | _aAGENDA 2000 | ||
| 650 | _aCOSTS | ||
| 650 | _aEXTENSIFICATION PREMIUM SCHEME | ||
| 650 | _aEXTENSIVE FARMING | ||
| 650 | _aLIVESTOCK EXTENSIFICATION | ||
| 650 | _aLIVESTOCK FARMING | ||
| 690 | _aRURAL PRACTICE | ||
| 942 | _n0 | ||
| 948 | _c02/04/1998 | ||
| 999 |
_c53697 _d53697 |
||